[Event "38. Open Ciudad de San Sebastián"]
[Site "San Sebastián ESP"]
[Date "2015.04.02"]
[Round "7.27"]
[White "Perez Cameselle, Francisco"]
[Black "Sacristan Latorre, Alberto"]
[Result "0-1"]
[WhiteElo "1862"]
[BlackElo "2021"]
[PlyCount "44"]
[EventDate "2015.03.28"]
[EventType "swiss"]
[EventRounds "9"]
[EventCountry "ESP"]
[Source "lmi"]
[SourceDate "2015.03.28"]

1. d4 Nf6 2. Nf3 g6 3. c4 Bg7 4. Nc3 O-O 5. g3 d6 6. Bg2 Nc6 7. O-O a6 8. h3
Rb8 9. Be3 Na5 10. Nd2 b5 11. b3 Bb7 12. d5 e6 13. Bg5 h6 14. Bxf6 Qxf6 15. Rc1
Bc8 16. Qc2 bxc4 17. Nce4 Qe5 18. Nxc4 Nxc4 19. bxc4 Rb2 20. Qd3 Rxa2 21. Nc3
Ra3 22. f4 Qd4+ 0-1

[Event "38. Open Ciudad de San Sebastián"]
[Site "San Sebastián ESP"]
[Date "2015.04.02"]
[Round "7.28"]
[White "Arana Garate, Jon"]
[Black "Felizes, Paulo"]
[Result "1-0"]
[WhiteElo "1859"]
[BlackElo "2017"]
[PlyCount "87"]
[EventDate "2015.03.28"]
[EventType "swiss"]
[EventRounds "9"]
[EventCountry "ESP"]
[Source "lmi"]
[SourceDate "2015.03.28"]

1. d4 Nf6 2. Nf3 c5 3. c3 d5 4. Bf4 Nc6 5. e3 Bg4 6. Nbd2 e6 7. Bd3 Be7 8. O-O
O-O 9. Qb1 c4 10. Bc2 b5 11. Ne5 Nxe5 12. dxe5 Nh5 13. Bxh7+ Kh8 14. f3 Qb6 15.
Kh1 Nxf4 16. exf4 Bh5 17. Bc2 Qe3 18. Qe1 Qxf4 19. g3 Qh6 20. f4 Bc5 21. Nf3
Bg6 22. Bxg6 Qxg6 23. Rd1 a5 24. Nh4 Qe4+ 25. Qxe4 dxe4 26. Rfe1 Rfd8 27. Rxd8+
Rxd8 28. Re2 Rd1+ 29. Kg2 Rg1+ 30. Kh3 Ra1 31. b3 Rc1 32. bxc4 bxc4 33. Rxe4
Rxc3 34. a4 Rc2 35. f5 exf5 36. Nxf5 c3 37. Nd6 Kg8 38. Rc4 Bg1 39. Rc8+ Kh7
40. Nxf7 Rxh2+ 41. Kg4 c2 42. Ng5+ Kh6 43. Rc6+ g6 44. Rc7 1-0

[Event "38. Open Ciudad de San Sebastián"]
[Site "San Sebastián ESP"]
[Date "2015.04.02"]
[Round "7.30"]
[White "Cendagortagalarza Rodriguez, J."]
[Black "Erice Alonso, Santiago"]
[Result "1/2-1/2"]
[WhiteElo "1768"]
[BlackElo "1999"]
[PlyCount "57"]
[EventDate "2015.03.28"]
[EventType "swiss"]
[EventRounds "9"]
[EventCountry "ESP"]
[Source "lmi"]
[SourceDate "2015.03.28"]

1. e4 c5 2. Nf3 Nc6 3. d4 cxd4 4. Nxd4 g6 5. Nc3 Bg7 6. Be3 Nf6 7. Nxc6 bxc6 8.
e5 Ng8 9. f4 Nh6 10. Be2 O-O 11. Qd2 d6 12. O-O-O Be6 13. exd6 exd6 14. Bd4
Bxd4 15. Qxd4 Nf5 16. Qf2 d5 17. g4 Nd6 18. f5 gxf5 19. gxf5 Bxf5 20. h4 Rb8
21. Qd4 f6 22. Nxd5 cxd5 23. Qxd5+ Kh8 24. Qxd6 Qa5 25. Bc4 Rfd8 26. Qe7 Re8
27. Qd6 Red8 28. Qe7 Re8 29. Qd6 1/2-1/2

[Event "38. Open Ciudad de San Sebastián"]
[Site "San Sebastián ESP"]
[Date "2015.04.02"]
[Round "7.31"]
[White "Garcia Cruz, Jose Manuel"]
[Black "Aizpurua Zufiria, Inaki"]
[Result "0-1"]
[WhiteElo "1342"]
[BlackElo "1445"]
[PlyCount "54"]
[EventDate "2015.03.28"]
[EventType "swiss"]
[EventRounds "9"]
[EventCountry "ESP"]
[Source "lmi"]
[SourceDate "2015.03.28"]

1. d4 d5 2. c4 e6 3. Nc3 Nf6 4. Bg5 Be7 5. e3 O-O 6. Qc2 c5 7. Nf3 Nc6 8. a3 a6
9. cxd5 exd5 10. dxc5 Bxc5 11. b4 Be7 12. Rd1 Be6 13. Be2 Rc8 14. Qb2 Qc7 15.
Rc1 b5 16. O-O h6 17. Bf4 Bd6 18. Bxd6 Qxd6 19. Rfd1 Qb8 20. Nd4 Rfd8 21. Bf3
Bg4 22. Nxc6 Rxc6 23. Bxg4 Nxg4 24. g3 Qe5 25. Qd2 Rcd6 26. Qd4 Qf5 27. Rd2 Ne5
0-1

[Event "38. Open Ciudad de San Sebastián"]
[Site "San Sebastián ESP"]
[Date "2015.04.02"]
[Round "7.34"]
[White "Rull Costa, Baltasar"]
[Black "Urriza Iricibar, Pablo"]
[Result "1/2-1/2"]
[WhiteElo "1747"]
[BlackElo "2180"]
[PlyCount "65"]
[EventDate "2015.03.28"]
[EventType "swiss"]
[EventRounds "9"]
[EventCountry "ESP"]
[Source "lmi"]
[SourceDate "2015.03.28"]

1. e4 e6 2. Qe2 c5 3. Nf3 Nc6 4. c3 a6 5. g3 d6 6. Bg2 g6 7. d4 cxd4 8. cxd4
Bg7 9. d5 exd5 10. exd5+ Nce7 11. O-O Nf6 12. Nc3 O-O 13. Rd1 Re8 14. Qc2 Qc7
15. Qb3 Nd7 16. Bf4 Nc5 17. Qa3 Bf5 18. Nd4 Qb6 19. Be3 Qc7 20. Rac1 Bxd4 21.
Bxd4 Nd3 22. Ra1 b5 23. Ne2 b4 24. Qb3 Nc8 25. Rxd3 Rxe2 26. Re3 Rxe3 27. Qxe3
Qe7 28. Qd2 a5 29. Re1 Qf8 30. Qg5 f6 31. Bxf6 Ra7 32. Bd4 Rf7 33. Qd2 1/2-1/2

[Event "38. Open Ciudad de San Sebastián"]
[Site "San Sebastián ESP"]
[Date "2015.04.02"]
[Round "7.35"]
[White "Fernandez Garcia, Francisco Jo"]
[Black "Cao Armillas, Jesus"]
[Result "0-1"]
[WhiteElo "1848"]
[BlackElo "2113"]
[PlyCount "62"]
[EventDate "2015.03.28"]
[EventType "swiss"]
[EventRounds "9"]
[EventCountry "ESP"]
[Source "lmi"]
[SourceDate "2015.03.28"]

1. e4 c5 2. Nf3 d6 3. d4 cxd4 4. Nxd4 Nf6 5. Nc3 a6 6. Bc4 e6 7. O-O Be7 8. Bb3
O-O 9. Be3 b5 10. Re1 b4 11. Na4 Nxe4 12. Nf3 Nc5 13. Qe2 Nbd7 14. Bxc5 Nxc5
15. Nxc5 dxc5 16. Rad1 Qc7 17. Ne5 Bf6 18. Nc4 a5 19. Ba4 e5 20. Rd6 Ra6 21.
Red1 Rxd6 22. Rxd6 Be6 23. Rc6 Qd7 24. Ne3 Qd4 25. h3 Rd8 26. Qa6 Bg5 27. Qe2
Bd7 28. Qh5 Bxe3 29. Rc7 Bxf2+ 30. Kf1 Bh4 31. g3 Bxh3+ 0-1

[Event "38. Open Ciudad de San Sebastián"]
[Site "San Sebastián ESP"]
[Date "2015.04.02"]
[Round "7.36"]
[White "Fabregas, Oliver"]
[Black "Prado Lobo, Jonas"]
[Result "0-1"]
[WhiteElo "2025"]
[BlackElo "1847"]
[PlyCount "85"]
[EventDate "2015.03.28"]
[EventType "swiss"]
[EventRounds "9"]
[EventCountry "ESP"]
[Source "lmi"]
[SourceDate "2015.03.28"]

1. e4 g6 2. d3 Bg7 3. Nf3 d6 4. g3 c5 5. Bg2 Nc6 6. O-O e6 7. Re1 Nge7 8. c3
O-O 9. Bf4 b5 10. e5 dxe5 11. Nxe5 Bb7 12. Na3 a6 13. h4 Ra7 14. Nxc6 Bxc6 15.
Bxc6 Nxc6 16. Be3 Rd7 17. Bxc5 Rxd3 18. Qb3 Re8 19. Re2 Bd4 20. cxd4 Rxb3 21.
axb3 Nxd4 22. Re3 Qd5 23. b4 Nf3+ 24. Kf1 Nxh4 25. Nc2 Nf5 26. Rc3 Qh1+ 27. Ke2
Qe4+ 28. Kf1 Rd8 29. Re1 Qb7 30. Kg1 h5 31. Ne3 Nxe3 32. Bxe3 Qe4 33. Rec1 Qxb4
34. Bc5 Qg4 35. Be7 Rd1+ 36. Rxd1 Qxd1+ 37. Kg2 Kg7 38. b4 Qd5+ 39. Kg1 Qd1+
40. Kg2 Qd7 41. Bc5 g5 42. Ra3 f5 43. Rxa6 0-1

[Event "38. Open Ciudad de San Sebastián"]
[Site "San Sebastián ESP"]
[Date "2015.04.02"]
[Round "7.37"]
[White "Fuente San Sebastian, Ernesto"]
[Black "Rodmacq, Clement"]
[Result "0-1"]
[WhiteElo "1842"]
[BlackElo "2021"]
[PlyCount "48"]
[EventDate "2015.03.28"]
[EventType "swiss"]
[EventRounds "9"]
[EventCountry "ESP"]
[Source "lmi"]
[SourceDate "2015.03.28"]

1. c4 e5 2. Nc3 Nc6 3. g3 f5 4. Nf3 Nf6 5. d3 Bb4 6. Bg2 Bxc3+ 7. bxc3 d6 8.
O-O O-O 9. Rb1 Qe8 10. Qa4 Bd7 11. Qb3 Rb8 12. Ng5 h6 13. Nf3 Kh8 14. Qc2 Qh5
15. Nh4 g5 16. Bf3 Qf7 17. Ng2 e4 18. dxe4 fxe4 19. Rb5 exf3 20. exf3 Ne5 21.
f4 Nf3+ 22. Kh1 Qxc4 23. Ne3 Qe4 24. Qd1 Bxb5 0-1

[Event "38. Open Ciudad de San Sebastián"]
[Site "San Sebastián ESP"]
[Date "2015.04.02"]
[Round "7.39"]
[White "Fernandez Fernandez, Juan Carl"]
[Black "Vicente Ezeiza, Mikel"]
[Result "1-0"]
[WhiteElo "2016"]
[BlackElo "1806"]
[PlyCount "97"]
[EventDate "2015.03.28"]
[EventType "swiss"]
[EventRounds "9"]
[EventCountry "ESP"]
[Source "lmi"]
[SourceDate "2015.03.28"]

1. Nf3 Nf6 2. b3 g6 3. Bb2 Bg7 4. e3 d5 5. Be2 b6 6. O-O O-O 7. d3 Bb7 8. Nbd2
Nbd7 9. Ne5 Nxe5 10. Bxe5 Nd7 11. Bxg7 Kxg7 12. f4 d4 13. exd4 Nf6 14. c3 Nd5
15. Qc1 Ne3 16. Bf3 Nxf1 17. Bxb7 Rb8 18. Qxf1 Rxb7 19. Nf3 c5 20. Qe2 Qc7 21.
Qe4 cxd4 22. Qxd4+ Kg8 23. c4 Qc5 24. Qxc5 bxc5 25. d4 cxd4 26. Nxd4 Rd8 27.
Nf3 Rbd7 28. Kf2 Rd1 29. Rxd1 Rxd1 30. Ke3 Kf8 31. c5 Rd5 32. b4 a5 33. a3 Ke8
34. Nd4 Kd7 35. Kd3 axb4 36. axb4 e5 37. fxe5 Rxe5 38. Kc4 Rh5 39. Nf3 Rf5 40.
b5 Rf4+ 41. Kd5 g5 42. b6 f6 43. c6+ Kc8 44. Nd4 Rf1 45. Nb5 Rd1+ 46. Ke6 Re1+
47. Kxf6 Rf1+ 48. Kg7 Rb1 49. Nd6+ 1-0

[Event "38. Open Ciudad de San Sebastián"]
[Site "San Sebastián ESP"]
[Date "2015.04.02"]
[Round "7.40"]
[White "Rodriguez Gonzalez, Alex"]
[Black "Kizatbay, Abyl"]
[Result "1-0"]
[WhiteElo "1994"]
[BlackElo "1803"]
[PlyCount "69"]
[EventDate "2015.03.28"]
[EventType "swiss"]
[EventRounds "9"]
[EventCountry "ESP"]
[Source "lmi"]
[SourceDate "2015.03.28"]

1. e4 c5 2. Nc3 Nc6 3. Bb5 g6 4. Nf3 d6 5. d4 cxd4 6. Qxd4 f6 7. Be3 a6 8.
Bxc6+ bxc6 9. Qc4 Bd7 10. Rd1 Nh6 11. h4 Ng4 12. Bf4 h5 13. O-O Bh6 14. Bxh6
Nxh6 15. Nd4 Qc8 16. Rfe1 Ng4 17. f4 Kf8 18. Qd3 Be8 19. e5 dxe5 20. fxe5 Nxe5
21. Qe3 Qg4 22. Rf1 Bf7 23. Rf4 Qc8 24. Ne4 f5 25. Ng5 Ng4 26. Nde6+ Bxe6 27.
Nxe6+ Kf7 28. Ng5+ Kf6 29. Qc3+ e5 30. Rd6+ Ke7 31. Qc5 exf4 32. Re6+ Kd8 33.
Nf7+ Kc7 34. Re7+ Qd7 35. Qd6+ 1-0

[Event "38. Open Ciudad de San Sebastián"]
[Site "San Sebastián ESP"]
[Date "2015.04.02"]
[Round "7.41"]
[White "De La Pena Garcia, Blanca"]
[Black "Fernandez Zubitur, Jokin"]
[Result "0-1"]
[WhiteElo "1818"]
[BlackElo "1991"]
[PlyCount "52"]
[EventDate "2015.03.28"]
[EventType "swiss"]
[EventRounds "9"]
[EventCountry "ESP"]
[Source "lmi"]
[SourceDate "2015.03.28"]

1. e4 d6 2. d4 Nf6 3. Nc3 Nbd7 4. Be3 e5 5. f3 c6 6. Qd2 Be7 7. O-O-O O-O 8. g4
b5 9. Kb1 b4 10. Nce2 c5 11. d5 a5 12. Nc1 Qc7 13. h4 c4 14. Qe1 c3 15. b3 a4
16. Rh2 Ba6 17. h5 Rfc8 18. Qf2 Qa5 19. g5 axb3 20. Nxb3 Qa4 21. Bc1 Bxf1 22.
a3 Bc4 23. Ka2 Nc5 24. gxf6 Nxb3 25. cxb3 Qxb3+ 26. Ka1 Qxd1 0-1

[Event "38. Open Ciudad de San Sebastián"]
[Site "San Sebastián ESP"]
[Date "2015.04.02"]
[Round "7.42"]
[White "Martinez Fernandez, Adrian"]
[Black "Banuelos Rodenas, Arturo"]
[Result "1-0"]
[WhiteElo "1947"]
[BlackElo "1800"]
[PlyCount "89"]
[EventDate "2015.03.28"]
[EventType "swiss"]
[EventRounds "9"]
[EventCountry "ESP"]
[Source "lmi"]
[SourceDate "2015.03.28"]

1. e4 c6 2. d4 d5 3. exd5 cxd5 4. Bd3 Nf6 5. c3 e6 6. Bf4 Be7 7. Nf3 Nc6 8. O-O
O-O 9. Nbd2 Nh5 10. Be3 Nf6 11. Re1 Qc7 12. Bg5 h6 13. Bh4 Bd7 14. Ne5 Rad8 15.
Nf1 a6 16. Bc2 Be8 17. Qd3 g6 18. Bg3 Bd6 19. Bf4 Kg7 20. Qh3 Rh8 21. Nxc6 Bxc6
22. Be5 Bxe5 23. dxe5 Ne4 24. Bxe4 dxe4 25. Qg3 Rd3 26. Qf4 Rhd8 27. Qf6+ Kh7
28. Ne3 Qd7 29. h3 b5 30. Ng4 Rh8 31. Nxh6 Rf8 32. Ng4 Qd8 33. Qf4 g5 34. Nf6+
Kg6 35. Qg4 Rh8 36. g3 Qc7 37. Rxe4 Qb7 38. h4 Kg7 39. Qxg5+ Kf8 40. Rd4 Rxd4
41. cxd4 Bh1 42. Kf1 Qg2+ 43. Ke2 Qf3+ 44. Ke1 Qc6 45. Rc1 1-0

[Event "38. Open Ciudad de San Sebastián"]
[Site "San Sebastián ESP"]
[Date "2015.04.02"]
[Round "7.44"]
[White "Barragan Hernandez, Manel"]
[Black "Esnaola Sansebastian, Ion"]
[Result "1/2-1/2"]
[WhiteElo "1795"]
[BlackElo "1910"]
[PlyCount "39"]
[EventDate "2015.03.28"]
[EventType "swiss"]
[EventRounds "9"]
[EventCountry "ESP"]
[Source "lmi"]
[SourceDate "2015.03.28"]

1. Nf3 Nf6 2. c4 g6 3. Nc3 Bg7 4. g3 O-O 5. Bg2 c6 6. O-O d5 7. d3 Bg4 8. Ne5
Be6 9. Qb3 Nbd7 10. d4 Qb6 11. Nxd7 Nxd7 12. Qxb6 Nxb6 13. c5 Nd7 14. e3 Nf6
15. b4 Bf5 16. Rd1 Ne4 17. Bb2 Nxc3 18. Bxc3 Bc2 19. Rd2 Ba4 20. Re1 1/2-1/2

[Event "38. Open Ciudad de San Sebastián"]
[Site "San Sebastián ESP"]
[Date "2015.04.02"]
[Round "7.46"]
[White "Al Azmi, Khalaf"]
[Black "Elizondo Marquet, Juan Marcos"]
[Result "0-1"]
[WhiteElo "1749"]
[BlackElo "1859"]
[PlyCount "70"]
[EventDate "2015.03.28"]
[EventType "swiss"]
[EventRounds "9"]
[EventCountry "ESP"]
[Source "lmi"]
[SourceDate "2015.03.28"]

1. e4 c5 2. Nf3 d6 3. d4 cxd4 4. Nxd4 Nf6 5. Nc3 Nc6 6. Be2 e5 7. Nf3 h6 8. O-O
Be7 9. h3 O-O 10. Re1 Be6 11. Be3 a6 12. a3 d5 13. exd5 Nxd5 14. Nxd5 Qxd5 15.
Qxd5 Bxd5 16. Bb6 Rac8 17. Bd3 Bxf3 18. gxf3 Bg5 19. Bf5 Ra8 20. c3 Ne7 21.
Rxe5 Nxf5 22. Rxf5 Rfe8 23. Kf1 Re6 24. Bd4 Rae8 25. f4 Bd8 26. Re5 Bc7 27.
Rxe6 Rxe6 28. Be3 Rf6 29. Rd1 Bxf4 30. Bxf4 Rxf4 31. Rd8+ Kh7 32. Rd7 b5 33.
Rd6 Ra4 34. Rd4 Rxd4 35. cxd4 Kg6 0-1

[Event "38. Open Ciudad de San Sebastián"]
[Site "San Sebastián ESP"]
[Date "2015.04.02"]
[Round "7.47"]
[White "Izquierdo Arruferia, Joseba"]
[Black "Sanchez Merino, Christian"]
[Result "1-0"]
[WhiteElo "1857"]
[BlackElo "1730"]
[PlyCount "45"]
[EventDate "2015.03.28"]
[EventType "swiss"]
[EventRounds "9"]
[EventCountry "ESP"]
[Source "lmi"]
[SourceDate "2015.03.28"]

1. e4 g6 2. d4 Bg7 3. Nc3 c5 4. dxc5 Qa5 5. Bd2 Qxc5 6. Nd5 Bxb2 7. Rb1 Ba3 8.
Rb3 Qd6 9. Rxa3 Qxa3 10. Nc7+ Kd8 11. Nxa8 Qxa2 12. Bc3 Nf6 13. Bd3 Nc6 14. Qe2
b6 15. Kd2 Qb1 16. Qf3 Re8 17. Qf4 d6 18. Bxf6 exf6 19. Qxd6+ Bd7 20. Nc7 Re6
21. Qa3 Ne5 22. Qf8+ Re8 23. Qxe8+ 1-0

[Event "38. Open Ciudad de San Sebastián"]
[Site "San Sebastián ESP"]
[Date "2015.04.04"]
[Round "9.1"]
[White "Al-hajiri, Bader"]
[Black "Epishin, Vladimir"]
[Result "1-0"]
[WhiteElo "2115"]
[BlackElo "2563"]
[PlyCount "147"]
[EventDate "2015.03.28"]
[EventType "swiss"]
[EventRounds "9"]
[EventCountry "ESP"]
[Source "lmi"]
[SourceDate "2015.03.28"]

1. e4 c5 2. Nf3 Nc6 3. d4 cxd4 4. Nxd4 Qb6 5. Nb3 Qc7 6. Nc3 e6 7. Be3 Bb4 8.
Bd2 Nf6 9. f3 d5 10. exd5 exd5 11. Nb5 Qe7+ 12. Qe2 Bxd2+ 13. Nxd2 Be6 14. Nb3
O-O 15. O-O-O Rfe8 16. N5d4 a5 17. Nxe6 fxe6 18. a3 e5 19. Qf2 a4 20. Nd2 Kh8
21. Bb5 Qc7 22. Qh4 Nd4 23. Bd3 e4 24. fxe4 Nxc2 25. Qg3 Qxg3 26. hxg3 Ne3 27.
Rde1 d4 28. Re2 h6 29. Rh4 Nfg4 30. Nf3 Rac8+ 31. Kb1 Ne5 32. Bb5 Nxg2 33. Bxe8
Nxh4 34. Nxe5 Rxe8 35. gxh4 Rxe5 36. Kc2 Rh5 37. Kd3 Rxh4 38. Kxd4 Rh1 39. e5
Rd1+ 40. Kc5 Kg8 41. Rf2 Rc1+ 42. Kd6 Rd1+ 43. Ke7 h5 44. e6 h4 45. Rf4 Rh1 46.
Ke8 h3 47. e7 h2 48. Rf8+ Kh7 49. Rf2 Kg8 50. Re2 b5 51. Rg2 g5 52. Rxg5+ Kh7
53. Rg3 Kh6 54. Rh3+ Kg5 55. Kd7 Rd1+ 56. Kc6 Re1 57. Rxh2 Rxe7 58. Kxb5 Ra7
59. Rf2 Ra8 60. Rf7 Rb8+ 61. Kxa4 Rxb2 62. Ka5 Kg6 63. Rf3 Rb8 64. a4 Kg7 65.
Rf4 Rb1 66. Ka6 Rb2 67. a5 Rb1 68. Ka7 Rb2 69. a6 Rb1 70. Ka8 Rb2 71. a7 Rb1
72. Rc4 Kf7 73. Rc8 Ke6 74. Rb8 1-0

[Event "38. Open Ciudad de San Sebastián"]
[Site "San Sebastián ESP"]
[Date "2015.04.04"]
[Round "9.3"]
[White "Vazquez Igarza, Renier"]
[Black "Prosviriakov, Vladimir"]
[Result "1-0"]
[WhiteElo "2596"]
[BlackElo "2227"]
[PlyCount "89"]
[EventDate "2015.03.28"]
[EventType "swiss"]
[EventRounds "9"]
[EventCountry "ESP"]
[Source "lmi"]
[SourceDate "2015.03.28"]

1. d4 e6 2. g3 Nf6 3. Bg2 d5 4. c4 Bb4+ 5. Bd2 Bxd2+ 6. Nxd2 c6 7. Ngf3 Nbd7 8.
O-O O-O 9. Qc2 b6 10. e4 dxe4 11. Nxe4 Nxe4 12. Qxe4 Ba6 13. b3 Rc8 14. Rfd1 c5
15. dxc5 Nxc5 16. Rxd8 Nxe4 17. Rd7 f5 18. Rxa7 Ra8 19. Rxa8 Rxa8 20. Ng5 Bb7
21. Nxe4 Bxe4 22. Bxe4 fxe4 23. Kf1 Kf7 24. Ke2 Kf6 25. a4 Ke5 26. Ke3 Rf8 27.
b4 Rf3+ 28. Ke2 Rc3 29. a5 Rc2+ 30. Ke3 Rxc4 31. a6 Rc8 32. b5 g5 33. Kd2 Rf8
34. Kc3 Rd8 35. a7 Ra8 36. Ra6 Kd5 37. Kb4 e5 38. g4 e3 39. fxe3 Ke4 40. Ra3
Kd5 41. Ra4 Ke4 42. Kc4 Kxe3 43. Kd5 Kd3 44. Kxe5 Kc3 45. Kd5 1-0

[Event "38. Open Ciudad de San Sebastián"]
[Site "San Sebastián ESP"]
[Date "2015.04.04"]
[Round "9.4"]
[White "Andres Gonzalez, Alberto"]
[Black "Prieto Aranguren, Alain"]
[Result "1/2-1/2"]
[WhiteElo "2515"]
[BlackElo "2216"]
[PlyCount "43"]
[EventDate "2015.03.28"]
[EventType "swiss"]
[EventRounds "9"]
[EventCountry "ESP"]
[Source "lmi"]
[SourceDate "2015.03.28"]

1. Nf3 Nf6 2. c4 g6 3. g3 Bg7 4. Bg2 O-O 5. O-O d6 6. d4 Nbd7 7. Nc3 e5 8. h3
c6 9. e4 Qb6 10. c5 dxc5 11. dxe5 Ne8 12. Na4 Qc7 13. Bf4 Nxe5 14. Nxc5 Nxf3+
15. Qxf3 Qe7 16. Nd3 Nc7 17. Rac1 Ne6 18. Bd2 a5 19. Kh2 Nd4 20. Qe3 Be6 21. b3
Qa3 22. Bc3 1/2-1/2

[Event "38. Open Ciudad de San Sebastián"]
[Site "San Sebastián ESP"]
[Date "2015.04.04"]
[Round "9.5"]
[White "Sanchez Botella, Luis Javier"]
[Black "Libiszewski, Fabien"]
[Result "1/2-1/2"]
[WhiteElo "2259"]
[BlackElo "2514"]
[PlyCount "113"]
[EventDate "2015.03.28"]
[EventType "swiss"]
[EventRounds "9"]
[EventCountry "ESP"]
[Source "lmi"]
[SourceDate "2015.03.28"]

1. d4 Nf6 2. Nf3 g6 3. c4 Bg7 4. Nc3 O-O 5. e4 d6 6. Be2 Nbd7 7. O-O e5 8. Re1
Re8 9. Bf1 a6 10. d5 a5 11. Rb1 Nc5 12. b3 Bd7 13. a3 a4 14. b4 Nb3 15. Be3 Ng4
16. Bg5 f6 17. Bh4 g5 18. Bg3 h5 19. h4 Nh6 20. Nd2 f5 21. hxg5 Qxg5 22. Nf3
Qf6 23. exf5 Nxf5 24. Ne4 Qh6 25. Bh2 Re7 26. c5 Kh8 27. Bc4 Nfd4 28. Nxd4 Nxd4
29. cxd6 cxd6 30. Nxd6 Bg4 31. f3 Bxf3 32. gxf3 Qxd6 33. Kh1 Rc8 34. Qxd4 exd4
35. Bxd6 Rxe1+ 36. Rxe1 Rxc4 37. Rd1 Rc3 38. f4 Rxa3 39. Be5 Re3 40. d6 Bxe5
41. fxe5 Rxe5 42. Rxd4 Re8 43. Rd5 Kg7 44. Rb5 Kf6 45. Rxb7 Ra8 46. Re7 Rb8 47.
Ra7 Rxb4 48. d7 Ke7 49. Kh2 Rg4 50. Kh3 Kd8 51. Kh2 Rd4 52. Kh3 Ke7 53. Kg3
Rg4+ 54. Kh3 Kd8 55. Kh2 Rb4 56. Kh3 Rd4 57. Kg3 1/2-1/2

[Event "38. Open Ciudad de San Sebastián"]
[Site "San Sebastián ESP"]
[Date "2015.04.04"]
[Round "9.6"]
[White "Chabanon, Jean-luc"]
[Black "Espinosa Aranda, Angel"]
[Result "1/2-1/2"]
[WhiteElo "2491"]
[BlackElo "2408"]
[PlyCount "76"]
[EventDate "2015.03.28"]
[EventType "swiss"]
[EventRounds "9"]
[EventCountry "ESP"]
[Source "lmi"]
[SourceDate "2015.03.28"]

1. d4 Nf6 2. Nf3 g6 3. c4 Bg7 4. Nc3 O-O 5. e4 d6 6. Be2 Bg4 7. Be3 Nfd7 8. O-O
Nc6 9. Re1 e5 10. d5 Bxf3 11. Bxf3 Nd4 12. Nb5 Nxf3+ 13. Qxf3 f5 14. Rac1 a6
15. Nc3 Qh4 16. Qg3 Qxg3 17. hxg3 f4 18. Bd2 Nc5 19. Rb1 Nd3 20. Red1 fxg3 21.
fxg3 Nb4 22. Rdc1 Nd3 23. Rf1 Nb4 24. Rxf8+ Rxf8 25. Rf1 Nc2 26. Rxf8+ Kxf8 27.
Kf2 Ke7 28. Ke2 Kd7 29. Nd1 c5 30. Kd3 Nd4 31. Nf2 h6 32. g4 b6 33. Nd1 Kc7 34.
b4 Bf8 35. Nb2 Kb7 36. Bc3 Be7 37. Bxd4 exd4 38. b5 a5 1/2-1/2

[Event "38. Open Ciudad de San Sebastián"]
[Site "San Sebastián ESP"]
[Date "2015.04.04"]
[Round "9.8"]
[White "Pap, Misa"]
[Black "Hernandez, Elvis"]
[Result "1-0"]
[WhiteElo "2459"]
[BlackElo "2308"]
[PlyCount "87"]
[EventDate "2015.03.28"]
[EventType "swiss"]
[EventRounds "9"]
[EventCountry "ESP"]
[Source "lmi"]
[SourceDate "2015.03.28"]

1. e4 g6 2. d4 Bg7 3. Nf3 d6 4. Bc4 a6 5. O-O e6 6. Bb3 Ne7 7. Re1 h6 8. h4 Nd7
9. c3 b6 10. Nbd2 Bb7 11. Nf1 c5 12. Bf4 cxd4 13. cxd4 d5 14. e5 Nf5 15. g3 Rc8
16. Rc1 Rxc1 17. Qxc1 Nb8 18. Ba4+ b5 19. Bc2 Nc6 20. Bxf5 gxf5 21. N1d2 Qa5
22. a3 Qb6 23. Nb3 Bf8 24. Re2 b4 25. a4 Na5 26. Nxa5 Qxa5 27. b3 Kd7 28. Rc2
Qb6 29. h5 a5 30. Qe3 Ba6 31. Rc1 Bg7 32. Kg2 Bf8 33. Nh2 Bg7 34. g4 Rg8 35.
Kh3 Bf8 36. Qd2 Bg7 37. gxf5 exf5 38. Rc5 Bf8 39. Rc1 Rg4 40. Nxg4 fxg4+ 41.
Kg3 Bg7 42. Qc2 Bf8 43. e6+ fxe6 44. Qh7+ 1-0

[Event "38. Open Ciudad de San Sebastián"]
[Site "San Sebastián ESP"]
[Date "2015.04.04"]
[Round "9.9"]
[White "Borsos, Bogdan"]
[Black "Boricsev, Oleg"]
[Result "1/2-1/2"]
[WhiteElo "2202"]
[BlackElo "2356"]
[PlyCount "29"]
[EventDate "2015.03.28"]
[EventType "swiss"]
[EventRounds "9"]
[EventCountry "ESP"]
[Source "lmi"]
[SourceDate "2015.03.28"]

1. f4 g6 2. Nf3 Bg7 3. g3 f5 4. Bg2 Nf6 5. O-O O-O 6. d3 d5 7. c3 b6 8. Nbd2
Bb7 9. e4 dxe4 10. Ng5 Qxd3 11. Ngf3 Qd8 12. Ng5 Qd6 13. Ndxe4 fxe4 14. Nxe4
Qxd1 15. Rxd1 1/2-1/2

[Event "38. Open Ciudad de San Sebastián"]
[Site "San Sebastián ESP"]
[Date "2015.04.04"]
[Round "9.10"]
[White "Henderson De La Fuente, Lance"]
[Black "Cruz Lledo, Pablo"]
[Result "1/2-1/2"]
[WhiteElo "2162"]
[BlackElo "2284"]
[PlyCount "73"]
[EventDate "2015.03.28"]
[EventType "swiss"]
[EventRounds "9"]
[EventCountry "ESP"]
[Source "lmi"]
[SourceDate "2015.03.28"]

1. e4 c6 2. d4 d5 3. e5 Bf5 4. Nd2 e6 5. Nb3 Nd7 6. Nf3 h6 7. Be2 Ne7 8. O-O
Bh7 9. a4 Ng6 10. Be3 Be7 11. Ne1 O-O 12. f4 Rc8 13. g4 Nh4 14. Nf3 Nxf3+ 15.
Rxf3 f6 16. c4 Be4 17. Rf1 c5 18. f5 fxe5 19. fxe6 Bg5 20. Bxg5 Qxg5 21. Qd2
Nb6 22. Qxg5 hxg5 23. a5 Nxc4 24. Bxc4 dxc4 25. Nxc5 Bd5 26. Rxf8+ Kxf8 27.
Rf1+ Ke8 28. Rf5 b6 29. axb6 axb6 30. Rxe5 bxc5 31. Rxd5 cxd4 32. Rxd4 Ke7 33.
Re4 g6 34. Re5 Rb8 35. Rxg5 Rxb2 36. Rc5 Rc2 37. Rc6 1/2-1/2

[Event "38. Open Ciudad de San Sebastián"]
[Site "San Sebastián ESP"]
[Date "2015.04.04"]
[Round "9.11"]
[White "Sanchez Saez, Francisco"]
[Black "Bayo Milagro, Alvaro"]
[Result "1/2-1/2"]
[WhiteElo "2281"]
[BlackElo "1996"]
[PlyCount "78"]
[EventDate "2015.03.28"]
[EventType "swiss"]
[EventRounds "9"]
[EventCountry "ESP"]
[Source "lmi"]
[SourceDate "2015.03.28"]

1. c4 e6 2. g3 d5 3. Bg2 c6 4. Nf3 Bd6 5. O-O Nd7 6. cxd5 exd5 7. b3 Ngf6 8.
Bb2 h5 9. h4 Qc7 10. d3 O-O 11. Nbd2 Ng4 12. e4 f5 13. exd5 f4 14. Qe2 fxg3 15.
Qe6+ Rf7 16. Nc4 gxf2+ 17. Kh1 Bf8 18. d6 Qd8 19. Qe4 Nc5 20. Qe2 Ne6 21. Nce5
Nf4 22. Qe4 Rf5 23. Ng5 Rxg5 24. hxg5 Qxg5 25. Nf3 Qf5 26. Bd4 Nxd3 27. Nh4
Qxe4 28. Bxe4 Nf4 29. Bxf2 Nxf2+ 30. Rxf2 Bxd6 31. Rd1 Bc7 32. Rxf4 Bxf4 33.
Rd8+ Kf7 34. Bf5 Bxf5 35. Rxa8 Be4+ 36. Ng2 h4 37. Kg1 Bg3 38. Nxh4 Bxh4 39.
Rxa7 Bf6 1/2-1/2